000 00699nam a2200277Ia 4500
005 20260324135643.0
008 008 260324s9999 xx 000 0 eng d
020 _a9780429181467
037 _aEBOOK
040 _aCRL
040 _beng
040 _cCRL
041 _2eng
041 _aeng
084 _qCRL
100 _aStephen Kokoska; Daniel Zwillinger
_91201393
245 0 _aCRC Standard Probability and Statistics Tables and Formulae, Student Edition
260 _bTaylor and Francis
260 _c2000
365 _a
365 _b400
856 _uhttp://www.taylorfrancis.com/books/9780429181467
942 _cEBOOK
999 _c1802720
_d1802720